El Dios de Jesús: estudio exegético

Պահպանված է:
Մատենագիտական մանրամասներ
Հիմնական հեղինակ: Schlosser, Jacques (Հեղինակ)
Ձևաչափ: Գիրք
Լեզու:իսպաներեն
Հրապարակվել է: Salamanca Ediciones Sígueme 1995
Հրատարակություն:1a. ed
Շարք:Biblioteca de Estudios Bíblicos, 82
Խորագրեր:
Ցուցիչներ: Ավելացրեք ցուցիչ
Չկան պիտակներ, Եղեք առաջինը, ով նշում է այս գրառումը!

MARC

LEADER 00000cam a2200000 a 4500
001 UCE7091
003 CL-VaPUC
008 150529e19950000sp |||||||||||||||||spa|d
020 |a 8430112472 
082 0 4 |a 220.6  |b SCH  |2 21 
100 0 |a Schlosser, Jacques  |e author  |9 579815 
245 1 3 |a El Dios de Jesús: estudio exegético 
250 |a 1a. ed 
300 |a 285 p 
942 |c BK 
945 |d 20150529 15:00:00  |a dcastane 
260 |a Salamanca  |b Ediciones Sígueme  |c 1995 
650 0 |a Exégesis   |9 365279 
650 0 |a Antiguo testamento   |9 313678 
650 0 |a Textos sagrados   |9 257605 
583 |a last modification  |c 20150529 15:00:00  |k Rodrigo Vera 
490 0 |a Biblioteca de Estudios Bíblicos, 82 
999 |c 359225  |d 359223 
952 |0 0  |1 0  |3 erb  |4 0  |6 220_600000000000000_SCH_1995  |7 0  |8 A  |9 468359  |a BIBTEO  |b BIBTEO  |e Casale Rolle, Carlos Ignacio, -2014  |i 5183049  |o 220.6 SCH 1995  |p 5183049  |r 2025-01-17  |w 2019-11-23  |y BK  |z Catalogado en:20150529  |k ICR